[Event "ICS rated blitz match"]
[Site "204.178.125.65"]
[Date "2000.04.22"]
[Round "?"]
[White "prg3"]
[Black "Hossa"]
[Result "1/2-1/2"]
[WhiteElo "2188"]
[BlackElo "2377"]
[PlyCount "212"]
[EventDate "2000.??.??"]

1. d4 d5 2. c4 e6 3. Nc3 Nf6 4. cxd5 exd5 5. Bg5 Be7 6. e3 O-O 7. Bd3 c6 8.
Nge2 Ng4 9. Bxe7 Qxe7 10. h3 Qh4 11. O-O Nf6 12. b4 g6 13. a4 Re8 14. Rb1 b6
15. b5 c5 16. dxc5 bxc5 17. a5 Qg5 18. Nf4 Nbd7 19. b6 axb6 20. axb6 Rb8 21.
Na4 d4 22. Qd2 Ra8 23. b7 Bxb7 24. Rxb7 Rxa4 25. Bb5 Rb4 26. Bxd7 dxe3 27. fxe3
Rxb7 28. Bxe8 Nxe8 29. Ra1 Qe5 30. Ra8 Rb1+ 31. Kh2 Rb3 32. Qd5 Rxe3 33. Qxe5
Rxe5 34. Nd3 Re3 35. Nxc5 Kg7 36. Kg1 Nd6 37. Rd8 Ne4 38. Nxe4 Re1+ 39. Kf2
Rxe4 40. Kf3 Re7 41. g4 f5 42. gxf5 gxf5 43. Kf4 Rf7 44. Rd6 Rf6 45. Rd5 Kg6
46. Ra5 Rb6 47. Ra4 Rc6 48. Rb4 Kf6 49. Ra4 Re6 50. Rb4 Ra6 51. Rc4 Rb6 52. Ra4
h6 53. Rc4 Ke6 54. Ra4 Rc6 55. Rb4 Kf6 56. Ra4 Rd6 57. Rb4 h5 58. h4 Ra6 59.
Rc4 Rb6 60. Ra4 Re6 61. Rb4 Rd6 62. Ra4 Rb6 63. Rc4 Kg6 64. Ra4 Re6 65. Rb4 Rc6
66. Ra4 Rd6 67. Rb4 Re6 68. Ra4 Rc6 69. Rb4 Kf6 70. Ra4 Ke6 71. Rb4 Rd6 72. Ra4
Rb6 73. Rc4 Rb2 74. Rc6+ Kd5 75. Rf6 Rf2+ 76. Kg5 Ke5 77. Rf8 Rg2+ 78. Kxh5 f4
79. Re8+ Kd4 80. Rf8 Ke3 81. Kh6 f3 82. h5 Rg4 83. Re8+ Kf4 84. Rf8+ Kg3 85.
Ra8 f2 86. Ra1 Kg2 87. Kh7 Ra4 88. Rb1 Ra7+ 89. Kg6 Rb7 90. Ra1 Rb6+ 91. Kg7
Ra6 92. Rb1 Ra5 93. h6 Rg5+ 94. Kh8 Rb5 95. Ra1 Ra5 96. Rb1 Ra8+ 97. Kg7 Ra7+
98. Kg8 Rb7 99. Ra1 Rb4 100. h7 Rg4+ 101. Kf7 Rh4 102. Kg8 Rh2 103. h8=Q Rxh8+
104. Kxh8 Kh2 105. Ra2 Kg2 106. Rxf2+ Kxf2 1/2-1/2

[Event "ICS Rated blitz match"]
[Site "204.178.125.65"]
[Date "2000.04.22"]
[Round "?"]
[White "Hossa"]
[Black "MateWithYou2"]
[Result "1-0"]
[WhiteElo "2369"]
[BlackElo "1946"]
[PlyCount "89"]
[EventDate "2000.??.??"]

1. e4 d6 2. d4 c6 3. Nc3 Nf6 4. Nf3 g6 5. Bd3 Bg7 6. Bg5 h6 7. Bxf6 Bxf6 8. e5
dxe5 9. dxe5 Bg7 10. h3 O-O 11. Qd2 Be6 12. O-O-O Qa5 13. Rde1 Bxa2 14. b3 Qa3+
15. Kd1 Na6 16. Bxa6 Qxa6 17. Qe3 Rad8+ 18. Nd2 e6 19. f4 Rd7 20. Nce4 Rfd8 21.
Nd6 Rxd6 22. exd6 Rxd6 23. f5 gxf5 24. Qf4 Rd4 25. Qb8+ Kh7 26. Rh2 h5 27. g4
Bxb3 28. cxb3 Qa1+ 29. Ke2 Rxd2+ 30. Kxd2 Bc3+ 31. Kc2 Qxe1 32. Qxb7 Bg7 33.
Rd2 Qe4+ 34. Rd3 fxg4 35. Qxf7 g3 36. Qxh5+ Bh6 37. Qf3 Qxf3 38. Rxf3 g2 39.
Rg3 e5 40. Rxg2 Be3 41. Kd1 Kh6 42. b4 Bd4 43. Rc2 e4 44. Rxc6+ Kg5 45. Rc4 1-0

[Event "ICS rated standard match"]
[Site "204.178.125.65"]
[Date "2000.04.22"]
[Round "?"]
[White "Hossa"]
[Black "sunlen"]
[Result "1-0"]
[WhiteElo "2357"]
[BlackElo "2228"]
[PlyCount "53"]
[EventDate "2000.??.??"]

1. e4 c5 2. Nf3 Nc6 3. d4 cxd4 4. Nxd4 g6 5. Nc3 Bg7 6. Be3 Nf6 7. Bc4 O-O 8.
Bb3 Ng4 9. Qxg4 Nxd4 10. Qd1 Nxb3 11. axb3 b6 12. Qd5 Rb8 13. Rxa7 d6 14. O-O
Be6 15. Qd2 Re8 16. Bd4 Qc8 17. Bxg7 Kxg7 18. Rfa1 Qc5 19. R1a4 b5 20. b4 Qh5
21. R4a5 f6 22. Qxd6 Bf7 23. Rxe7 Rbd8 24. Rd7 Rxd7 25. Qxd7 Qg5 26. Ra1 Re5
27. g3 {sunlen resigns} 1-0

[Event "ICS rated standard match"]
[Site "204.178.125.65"]
[Date "2000.04.22"]
[Round "?"]
[White "sunlen"]
[Black "Hossa"]
[Result "1/2-1/2"]
[WhiteElo "2218"]
[BlackElo "2367"]
[PlyCount "155"]
[EventDate "2000.??.??"]

1. d4 d5 2. c4 e6 3. Nf3 Nf6 4. g3 dxc4 5. Bg2 Bb4+ 6. Bd2 c5 7. dxc5 Bxc5 8.
Qa4+ Bd7 9. Qxc4 Na6 10. O-O Rc8 11. Qh4 O-O 12. Ne5 Qc7 13. Bc3 Bb5 14. Ng4
Nxg4 15. Qxg4 f5 16. Qh5 Be7 17. Nd2 Nc5 18. Rfe1 Na4 19. Bd4 Qd6 20. Nf3 Rfd8
21. e3 Be8 22. Qh3 Rc2 23. Be5 Qd7 24. Nd4 Rxb2 25. g4 Bb4 26. Reb1 Bc3 27.
gxf5 exf5 28. Qg3 Bg6 29. Rxb2 Bxb2 30. Rd1 Nc3 31. Rd2 Bc1 32. Rc2 f4 33. exf4
Bxc2 34. Qxc3 Rc8 35. Qg3 Bb2 36. Bh3 Be4 37. Be6+ Kh8 38. Qe3 Bxd4 39. Bxd7
Bxe3 40. Bxc8 Bc5 41. a4 Bc6 42. a5 Bb4 43. a6 bxa6 44. Bxa6 Ba5 45. Kf1 Bd5
46. Ke2 Bb6 47. Bc3 Be6 48. Bd2 Bc7 49. Be3 Bb3 50. Kd3 Bb8 51. Ke4 Bc2+ 52.
Kd5 Kg8 53. Kc6 Be4+ 54. Kd7 Kf8 55. Bc4 Bf5+ 56. Kd8 Bd6 57. Bxa7 g6 58. Be3
Bh3 59. Bd5 Bg4 60. Bc6 Kf7 61. Bd5+ Kf8 62. Bc6 Kf7 63. Bd5+ Kf8 64. Bc6 Kf7
65. Bd5+ Kf8 66. Bc6 Kf7 67. Bd5+ Kf8 68. Bc6 Kf7 69. Bd5+ Kf8 70. Bc6 Kf7 71.
Bd5+ Kf8 72. Bc6 Kf7 73. Bd5+ Kf8 74. Bc6 Kf7 75. Bd5+ Kf8 76. Bc6 Kf7 77. Bd5+
Kf8 78. Bc6 1/2-1/2

[Event "ICS rated standard match"]
[Site "204.178.125.65"]
[Date "2000.04.22"]
[Round "?"]
[White "QueenMaxima"]
[Black "Hossa"]
[Result "1-0"]
[WhiteElo "2358"]
[BlackElo "2371"]
[PlyCount "119"]
[EventDate "2000.??.??"]

1. d4 Nf6 2. c4 Nc6 3. Nf3 e6 4. a3 d5 5. e3 dxc4 6. Bxc4 Bd6 7. Nc3 O-O 8. e4
e5 9. d5 Ne7 10. Bg5 Ng6 11. O-O Bg4 12. h3 Bxf3 13. Qxf3 Be7 14. b3 Nxd5 15.
Bxd5 Bxg5 16. Bxb7 Rb8 17. Rfd1 Qe7 18. Bd5 c6 19. Bc4 Rbd8 20. Qf5 Rd4 21. Ne2
Nh4 22. Qg4 Rxd1+ 23. Rxd1 Rd8 24. Rd3 Rxd3 25. Bxd3 Qd8 26. Bc4 Be7 27. Qh5
Ng6 28. Qf5 Qe8 29. b4 c5 30. b5 Bf6 31. Nc1 Ne7 32. Qf3 Nc8 33. Nb3 Nb6 34.
Qc3 Nxc4 35. Qxc4 Be7 36. Na5 Qd7 37. Nc6 Qd1+ 38. Kh2 Bd6 39. f3 Qd2 40. Nxa7
Qf4+ 41. Kh1 Qe3 42. Nc8 Bf8 43. a4 Qe1+ 44. Kh2 Qa5 45. b6 Qa8 46. Qb5 Qb7 47.
a5 g6 48. Ne7+ Bxe7 49. a6 Qb8 50. a7 Qb7 51. Qe8+ Kg7 52. a8=Q Qxa8 53. Qxa8
h5 54. b7 Bf6 55. b8=Q Kh7 56. Qg8+ Kh6 57. Qh8+ Bxh8 58. Qxh8+ Kg5 59. g3 f6
60. h4# {Hossa checkmated} 1-0

[Event "ICS rated standard match"]
[Site "204.178.125.65"]
[Date "2000.04.22"]
[Round "?"]
[White "PostModernist"]
[Black "Hossa"]
[Result "0-1"]
[WhiteElo "2419"]
[BlackElo "2354"]
[PlyCount "50"]
[EventDate "2000.??.??"]

1. e4 e5 2. d4 exd4 3. c3 d5 4. exd5 Qxd5 5. cxd4 Nc6 6. Nf3 Bg4 7. Be2 O-O-O
8. Nc3 Qa5 9. Be3 Bb4 10. O-O Bxc3 11. bxc3 Qxc3 12. Rb1 Be6 13. a4 Nf6 14. Re1
Bd5 15. Bd2 Qa3 16. Ne5 Nxe5 17. dxe5 Ba2 18. exf6 Bxb1 19. Qxb1 Rxd2 20. fxg7
Rg8 21. Bf3 Qb2 22. Qf5+ Kb8 23. Qxh7 Rdd8 24. Rb1 Rde8 25. Rxb2 Re1# 0-1

[Event "ICS rated standard match"]
[Site "204.178.125.65"]
[Date "2000.04.22"]
[Round "?"]
[White "Hossa"]
[Black "sunlen"]
[Result "1-0"]
[WhiteElo "2373"]
[BlackElo "2186"]
[PlyCount "33"]
[EventDate "2000.??.??"]

1. e4 c5 2. Nf3 Nc6 3. d4 cxd4 4. Nxd4 g6 5. Nc3 Bg7 6. Be3 Nf6 7. Bc4 O-O 8.
Bb3 Qa5 9. f3 a6 10. O-O b5 11. Nxc6 dxc6 12. e5 Rd8 13. Qe1 Ne8 14. Nd5 Qxe1
15. Nxe7+ Kf8 16. Rfxe1 Kxe7 17. Bg5+ {sunlen resigns} 1-0

[Event "ICS rated standard match"]
[Site "204.178.125.65"]
[Date "2000.04.22"]
[Round "?"]
[White "jpe"]
[Black "Hossa"]
[Result "0-1"]
[WhiteElo "2180"]
[BlackElo "2381"]
[PlyCount "64"]
[EventDate "2000.??.??"]

1. e4 e5 2. f4 exf4 3. Nf3 d6 4. Bc4 Be6 5. Bxe6 fxe6 6. d4 Qf6 7. Nc3 Na6 8.
O-O O-O-O 9. a3 g5 10. Qd3 g4 11. Nd2 Ne7 12. Nb3 e5 13. Nb5 Bg7 14. Nxa7+ Kb8
15. Nb5 c6 16. Nc3 Qg6 17. Bd2 g3 18. h3 Nc7 19. Rae1 Qh5 20. Na4 Rhf8 21. Nb6
Ka7 22. dxe5 f3 23. Rxf3 dxe5 24. Nd7 Rxf3 25. Qd6 Ned5 26. exd5 Rxd7 27. Qxd7
Qf7 28. dxc6 Rf2 29. Be3+ b6 30. Na5 Bh6 31. Qc8 Rf1+ 32. Rxf1 Bxe3+ {
jpe resigns} 0-1

[Event "ICS rated blitz match"]
[Site "204.178.125.65"]
[Date "2000.04.22"]
[Round "?"]
[White "Gurz"]
[Black "Hossa"]
[Result "0-1"]
[WhiteElo "1965"]
[BlackElo "2372"]
[PlyCount "90"]
[EventDate "2000.??.??"]

1. d4 Nf6 2. Nf3 g6 3. c3 Bg7 4. Bf4 Nh5 5. Bg3 Nxg3 6. hxg3 d5 7. Nbd2 Bg4 8.
e4 dxe4 9. Nxe4 Nd7 10. Qb3 Nb6 11. Ned2 O-O 12. Be2 h6 13. O-O Qd5 14. Qxd5
Nxd5 15. Rfe1 Rfe8 16. Ne5 Bxe2 17. Rxe2 Bxe5 18. Rxe5 Nf6 19. Rae1 Kf8 20. f3
Nd7 21. R5e2 c5 22. Nb3 cxd4 23. Nxd4 Rac8 24. Nb3 Nf6 25. Kf2 e6 26. Rd2 Red8
27. Red1 Rxd2+ 28. Rxd2 Kg7 29. g4 Rc7 30. Rd4 e5 31. Rd2 e4 32. Re2 exf3 33.
gxf3 Nd5 34. Kg3 Rc6 35. Re5 Nf6 36. Re7 Rb6 37. Re2 h5 38. Nd4 Rd6 39. Nb5 Rd3
40. gxh5 Nxh5+ 41. Kf2 Nf4 42. Rc2 a5 43. Nd4 Rd1 44. Ne2 Nd3+ 45. Ke3 Ne1 {
Gurz resigns} 0-1

[Event "ICS rated blitz match"]
[Site "204.178.125.65"]
[Date "2000.04.22"]
[Round "?"]
[White "Hossa"]
[Black "Gurz"]
[Result "1-0"]
[WhiteElo "2375"]
[BlackElo "1962"]
[PlyCount "65"]
[EventDate "2000.??.??"]

1. e4 e6 2. d4 d5 3. Nc3 Nf6 4. Bg5 Be7 5. e5 Nfd7 6. Bxe7 Qxe7 7. f4 a6 8. Nf3
c5 9. dxc5 Nxc5 10. Bd3 Nc6 11. O-O Bd7 12. f5 g6 13. f6 Qf8 14. Qd2 Nxd3 15.
cxd3 Qc5+ 16. d4 Qb4 17. Rac1 h5 18. Rf2 Rc8 19. Qe3 Qf8 20. Na4 Rd8 21. Nc5
Bc8 22. Nxa6 Qh6 23. Qe1 g5 24. Nc7+ Kf8 25. Qc3 g4 26. Nd2 h4 27. Re2 Qg5 28.
b4 h3 29. b5 hxg2 30. bxc6 bxc6 31. Rxg2 Bd7 32. h3 Rh4 33. Nf3 {Gurz resigns}
1-0

[Event "ICS rated standard match"]
[Site "204.178.125.65"]
[Date "2000.04.22"]
[Round "?"]
[White "Hossa"]
[Black "QueenMaxima"]
[Result "0-1"]
[WhiteElo "2389"]
[BlackElo "2360"]
[PlyCount "160"]
[EventDate "2000.??.??"]

1. e4 c5 2. Nf3 d6 3. d4 cxd4 4. Nxd4 Nf6 5. Nc3 a6 6. Bg5 e6 7. f4 Be7 8. Qf3
Qc7 9. O-O-O Nbd7 10. g4 b5 11. Bxf6 Nxf6 12. g5 Nd7 13. f5 Nc5 14. f6 gxf6 15.
gxf6 Bf8 16. Rg1 Bb7 17. b4 Nd7 18. Kb2 d5 19. Nxe6 fxe6 20. Rg8 Nxf6 21. Rxh8
Qg7 22. e5 Qxh8 23. exf6 Bxb4 24. Qh5+ Kf8 25. Qh6+ Ke8 26. Qh5+ Kd8 27. Qf7
Rc8 28. Ne4 Qf8 29. Qxb7 Bc3+ 30. Nxc3 Qb4+ 31. Kc1 Qa3+ 32. Kd2 Qxc3+ 33. Ke2
Qe5+ 34. Kd2 Qf4+ 35. Ke1 Qh4+ 36. Kd2 Qxh2+ 37. Be2 Qf4+ 38. Ke1 Qh4+ 39. Kd2
Qg5+ 40. Ke1 Qg1+ 41. Bf1 Qe3+ 42. Be2 Rxc2 43. Qe7+ Kc8 44. Qf8+ Kb7 45. Qe7+
Rc7 46. Qf8 Qf4 47. a3 Qh4+ 48. Kf1 Qh1+ 49. Kf2 Qh2+ 50. Ke1 Qg3+ 51. Kf1 Qh4
52. Rd3 Qh1+ 53. Kf2 Qh2+ 54. Ke3 Qg1+ 55. Kf3 e5 56. Qd8 e4+ 57. Kf4 exd3 58.
Qxd5+ Ka7 59. Bxd3 Qc1+ 60. Kg4 h5+ 61. Kh4 Qf4+ 62. Kxh5 Qxf6 63. Be4 Qf8 64.
Qd3 Rc5+ 65. Kg4 Qg7+ 66. Bg6 Rc4+ 67. Kh5 Qh8+ 68. Bh7 Rc7 69. Qe3+ Kb7 70.
Qe4+ Kb8 71. Kg5 Qxh7 72. Qe8+ Kb7 73. Qd8 Rc5+ 74. Kf4 Qf5+ 75. Ke3 Rc3+ 76.
Ke2 Qf3+ 77. Ke1 Re3+ 78. Kd2 Re2+ 79. Kc1 Qc3+ 80. Kd1 Re1# {Hossa checkmated}
0-1

[Event "ICS Rated standard match"]
[Site "204.178.125.65"]
[Date "2000.04.23"]
[Round "?"]
[White "Hossa"]
[Black "rmdg567"]
[Result "1-0"]
[WhiteElo "2372"]
[BlackElo "2055"]
[PlyCount "83"]
[EventDate "2000.??.??"]

1. e4 c5 2. Nf3 d6 3. d4 cxd4 4. Nxd4 Nf6 5. Nc3 g6 6. Be3 Bg7 7. f3 O-O 8. Qd2
Nc6 9. Bc4 Bd7 10. O-O-O Qc7 11. Ncb5 Qb8 12. Bd3 a6 13. Nc3 Rc8 14. Nxc6 bxc6
15. Bh6 Bh8 16. Qg5 Be6 17. b3 a5 18. Be2 a4 19. Nxa4 Qb4 20. Rde1 Qa3+ 21. Kd1
Qxa2 22. Bd3 c5 23. Nb6 c4 24. Nxc8 Rxc8 25. bxc4 Bxc4 26. Bxc4 Qxc4 27. Qd2
Nd7 28. Ref1 Bc3 29. Qg5 Qa2 30. Qb5 Rb8 31. Qd3 Rb1+ 32. Ke2 Rb2 33. Rc1 Bf6
34. Qd5 Qa6+ 35. Kf2 Nc5 36. Kg3 e6 37. Qd1 g5 38. Rb1 Be5+ 39. Kh3 Qa3 40.
Rxb2 Qxb2 41. Bxg5 f6 42. Be3 {rmdg567 resigns} 1-0

[Event "ICS rated standard match"]
[Site "204.178.125.65"]
[Date "2000.04.23"]
[Round "?"]
[White "QueenMaxima"]
[Black "Hossa"]
[Result "1-0"]
[WhiteElo "2389"]
[BlackElo "2376"]
[PlyCount "159"]
[EventDate "2000.??.??"]

1. d4 Nf6 2. c4 e6 3. Nc3 Bb4 4. e3 c5 5. Bd3 O-O 6. Nf3 d5 7. O-O cxd4 8. exd4
dxc4 9. Bxc4 Nc6 10. a3 Be7 11. Re1 Bd7 12. d5 exd5 13. Nxd5 Nxd5 14. Qxd5 Qc7
15. Qh5 Rac8 16. Be3 a6 17. Bd3 g6 18. Qh6 Bg4 19. Ng5 Bxg5 20. Bxg5 Qd6 21.
Re4 Ne5 22. Bf4 Qxd3 23. Rxe5 Qd4 24. Re7 Rc5 25. Rae1 Rh5 26. Be5 Qxf2+ 27.
Kxf2 Rxh6 28. Rxb7 g5 29. b3 Re6 30. Ba1 Rxe1 31. Kxe1 Re8+ 32. Kf1 Bf5 33. Kf2
h6 34. Ra7 Bd3 35. Bc3 Re2+ 36. Kf3 g4+ 37. Kg3 Re3+ 38. Kh4 Be4 39. Rc7 Bxg2
40. Kxg4 Kf8 41. b4 Ke8 42. Bb2 Bf1 43. Bc1 Be2+ 44. Kh4 Re6 45. Kg3 Kf8 46.
Bb2 Rg6+ 47. Kf2 Bb5 48. Kf3 Ke8 49. Bd4 Bc6+ 50. Kf4 Bd7 51. Ra7 Kd8 52. Bc5
f5 53. Ke5 Bc8 54. Rh7 Re6+ 55. Kd5 Bd7 56. Bd4 Kc7 57. Be5+ Kc8 58. Rh8+ Re8
59. Rxh6 Bb5 60. Rb6 Re7 61. h4 Kd7 62. h5 Ke8 63. h6 Rh7 64. Bg7 Kd7 65. Rb7+
Kc8 66. Rf7 Be8 67. Rf8 Kd7 68. Rf6 Ke7 69. Rxa6 Bd7 70. a4 Bc8 71. Ra7+ Bd7
72. b5 f4 73. b6 f3 74. b7 Rxh6 75. b8=Q Rh5+ 76. Be5 Rh6 77. Qc7 Rd6+ 78.
Qxd6+ Kf7 79. Rxd7+ Kg8 80. Qb8# {Hossa checkmated} 1-0

[Event "ICS rated standard match"]
[Site "204.178.125.65"]
[Date "2000.04.23"]
[Round "?"]
[White "expert101"]
[Black "Hossa"]
[Result "0-1"]
[WhiteElo "2138"]
[BlackElo "2361"]
[PlyCount "63"]
[EventDate "2000.??.??"]

1. e4 e5 2. Nf3 Nc6 3. Bb5 a6 4. Ba4 Nf6 5. O-O Be7 6. Re1 b5 7. Bb3 d6 8. h3
O-O 9. c3 Na5 10. Bc2 c5 11. d4 cxd4 12. cxd4 Nc6 13. Nc3 exd4 14. Nxd4 Nxd4
15. Qxd4 Be6 16. Bf4 Rc8 17. Rad1 Re8 18. Bb1 Rc4 19. Qd2 b4 20. Nd5 Bxd5 21.
exd5 a5 22. Bg5 Rc5 23. Qe2 Rc8 24. Qd3 g6 25. Rxe7 Qxe7 26. Qd4 Kg7 27. Rd3
Qe5 28. Qh4 Qe1+ 29. Kh2 Ne4 30. Bh6+ Kg8 31. Re3 Qxb1 32. Rxe4 {
expert101 resigns} 0-1

[Event "ICS rated blitz match"]
[Site "204.178.125.65"]
[Date "2000.04.23"]
[Round "?"]
[White "Hossa"]
[Black "alex7213"]
[Result "1-0"]
[WhiteElo "2378"]
[BlackElo "2041"]
[PlyCount "63"]
[EventDate "2000.??.??"]

1. e4 c5 2. Nf3 d6 3. d4 cxd4 4. Nxd4 Nf6 5. Nc3 a6 6. Bg5 Nbd7 7. Be2 g6 8.
O-O Bg7 9. Qd2 Qc7 10. Bh6 O-O 11. Rfe1 b5 12. Nd5 Nxd5 13. Bxg7 Kxg7 14. exd5
Nf6 15. Bf3 Bb7 16. Qg5 h6 17. Nf5+ Kg8 18. Nxh6+ Kh7 19. Re2 Rae8 20. Ng4 Nxg4
21. Bxg4 Kg7 22. Rae1 f6 23. Qd2 f5 24. Bf3 Rf6 25. Re6 Bc8 26. Rxf6 Kxf6 27.
c3 g5 28. Bh5 Rg8 29. Re6+ Kg7 30. Qxg5+ Kf8 31. Rf6+ exf6 32. Qxf6+ {
alex7213 resigns} 1-0

[Event "ICS rated blitz match"]
[Site "204.178.125.65"]
[Date "2000.04.23"]
[Round "?"]
[White "Hossa"]
[Black "alex7213"]
[Result "0-1"]
[WhiteElo "2386"]
[BlackElo "2033"]
[PlyCount "124"]
[EventDate "2000.??.??"]

1. e4 c5 2. Nf3 d6 3. d4 cxd4 4. Nxd4 Nf6 5. Nc3 a6 6. Bg5 Nbd7 7. Be2 g6 8.
O-O h6 9. Bh4 Bg7 10. Qd2 Qc7 11. Rad1 O-O 12. Rfe1 b5 13. Bf3 Bb7 14. Bxf6
Nxf6 15. e5 dxe5 16. Rxe5 Qxe5 17. Bxb7 Rad8 18. Nce2 Qc7 19. Bxa6 e5 20. Bxb5
exd4 21. Bd3 Nd5 22. Be4 Rfe8 23. Bxd5 Rxd5 24. a3 Qb7 25. b3 Rg5 26. Ng3 Rc5
27. b4 Rc3 28. Ne2 Rxa3 29. Nxd4 Rd8 30. c3 Qa7 31. Qe1 Bxd4 32. cxd4 Ra8 33.
d5 Ra1 34. g3 Rxd1 35. Qxd1 Qa1 36. Qxa1 Rxa1+ 37. Kg2 Kf8 38. Kf3 Ke7 39. Ke4
Kd6 40. Kd4 Ra2 41. f4 Rxh2 42. g4 Rh4 43. Ke4 Rxg4 44. Kf3 f5 45. Ke3 g5 46.
fxg5 hxg5 47. b5 Kxd5 48. b6 Rb4 49. Kf2 Ke4 50. b7 f4 51. Kf1 g4 52. b8=Q Rxb8
53. Ke2 Rb2+ 54. Kd1 Kd3 55. Ke1 g3 56. Kf1 f3 57. Kg1 Ke3 58. Kf1 Ra2 59. Kg1
Ra3 60. Kf1 Ra2 61. Kg1 Rb2 62. Kf1 Rb1# {Hossa checkmated} 0-1

[Event "ICS rated standard match"]
[Site "204.178.125.65"]
[Date "2000.04.23"]
[Round "?"]
[White "Hossa"]
[Black "stevesand"]
[Result "1-0"]
[WhiteElo "2368"]
[BlackElo "2042"]
[PlyCount "52"]
[EventDate "2000.??.??"]

1. e4 c6 2. d4 d5 3. Nc3 dxe4 4. Nxe4 Nd7 5. Ng5 Ngf6 6. Bd3 e6 7. N1f3 Bd6 8.
Qe2 h6 9. Ne4 Nxe4 10. Qxe4 Nf6 11. Qe2 Qc7 12. Bd2 b6 13. Ne5 Bb7 14. O-O O-O
15. Bf4 c5 16. dxc5 Qxc5 17. Rad1 Rad8 18. Bg3 Qa5 19. Nc4 Qg5 20. h4 Qxg3 21.
fxg3 Bxg3 22. Rxf6 gxf6 23. Qg4+ Kh8 24. Qxg3 Rg8 25. Qc7 Bxg2 26. Qxf7 Rg7 {
stevesand resigns} 1-0

[Event "ICS rated standard match"]
[Site "204.178.125.65"]
[Date "2000.04.23"]
[Round "?"]
[White "Hossa"]
[Black "stevesand"]
[Result "1-0"]
[WhiteElo "2376"]
[BlackElo "2051"]
[PlyCount "52"]
[EventDate "2000.??.??"]

1. e4 c6 2. d4 d5 3. Nc3 dxe4 4. Nxe4 Nd7 5. Ng5 Ngf6 6. Bd3 e6 7. N1f3 Bd6 8.
O-O h6 9. Ne4 Nxe4 10. Bxe4 Nf6 11. Bd3 Qc7 12. c4 b6 13. Rb1 Bb7 14. b4 c5 15.
bxc5 bxc5 16. dxc5 Bxc5 17. Bf4 Qc6 18. Qb3 Ba6 19. Ne5 Qc8 20. Qa4+ Kf8 21.
Be3 Bxe3 22. fxe3 Qc5 23. Nd7+ Nxd7 24. Qxd7 Qxe3+ 25. Kh1 f5 26. Rbe1 Qc5 {
stevesand resigns} 1-0

[Event "ICS rated standard match"]
[Site "204.178.125.65"]
[Date "2000.04.23"]
[Round "?"]
[White "stevesand"]
[Black "Hossa"]
[Result "0-1"]
[WhiteElo "2047"]
[BlackElo "2380"]
[PlyCount "102"]
[EventDate "2000.??.??"]

1. e4 e5 2. Nf3 Nc6 3. Bb5 Bd6 4. O-O Nge7 5. d4 exd4 6. Nxd4 O-O 7. Bg5 Nxd4
8. Qxd4 a6 9. Bc4 h6 10. Bh4 Nc6 11. Qxd6 Qxh4 12. Qxc7 Qxe4 13. Bb3 Qe5 14.
Qxe5 Nxe5 15. Re1 d6 16. Nc3 Bf5 17. Rad1 Rad8 18. Rd2 Rfe8 19. Red1 Bg4 20. f3
Bxf3 21. gxf3 Nxf3+ 22. Kf2 Nxd2 23. Rxd2 Re5 24. Bd5 Rh5 25. Kg3 Rg5+ 26. Kf4
b6 27. Ne4 Rg6 28. h4 h5 29. Ng5 Rf6+ 30. Kg3 Re8 31. Rd3 Re2 32. Rc3 g6 33.
Bc4 Re1 34. Bxa6 Rg1+ 35. Kh2 Rb1 36. b3 Rb2 37. Bc4 Rxa2 38. Bd5 Rf5 39. Ne4
Kg7 40. Rd3 Rxc2+ 41. Kg3 Rf1 42. Nxd6 f5 43. Nc4 f4+ 44. Kh3 Rff2 45. Nd2
Rcxd2 46. Rxd2 Rxd2 47. Bc4 Rc2 48. Bd5 b5 49. Be6 Kf6 50. Bg8 Rd2 51. b4 Ke7 {
stevesand resigns} 0-1

[Event "ICS rated standard match"]
[Site "204.178.125.65"]
[Date "2000.04.23"]
[Round "?"]
[White "Hossa"]
[Black "stevesand"]
[Result "1-0"]
[WhiteElo "2384"]
[BlackElo "2043"]
[PlyCount "52"]
[EventDate "2000.??.??"]

1. e4 c6 2. d4 d5 3. Nc3 dxe4 4. Nxe4 Nd7 5. Ng5 Ngf6 6. Bd3 e6 7. N1f3 Bd6 8.
Qe2 h6 9. Ne4 Nxe4 10. Qxe4 Nf6 11. Qe2 Qc7 12. Bd2 b6 13. Ne5 Bb7 14. O-O O-O
15. Bf4 c5 16. dxc5 Qxc5 17. Rad1 Rfd8 18. Rfe1 Rac8 19. Bg3 Bd5 20. Ba6 Rc7
21. c4 Be4 22. Qd2 Qa5 23. Qxa5 bxa5 24. Ng4 Nxg4 25. Rxe4 Rcd7 26. Rxg4 Bxg3 {
stevesand resigns} 1-0

[Event "ICS rated standard match"]
[Site "204.178.125.65"]
[Date "2000.04.23"]
[Round "?"]
[White "stevesand"]
[Black "Hossa"]
[Result "1/2-1/2"]
[WhiteElo "2039"]
[BlackElo "2388"]
[PlyCount "70"]
[EventDate "2000.??.??"]

1. e4 e5 2. Nf3 Nc6 3. Bb5 a6 4. Ba4 Nf6 5. O-O Be7 6. Re1 b5 7. Bb3 d6 8. c3
O-O 9. h3 Na5 10. Bc2 c5 11. d4 Qc7 12. Nbd2 cxd4 13. cxd4 Bb7 14. Nf1 Rac8 15.
Re2 d5 16. Nxe5 dxe4 17. Bf4 Bd6 18. Ne3 Nc4 19. N3xc4 bxc4 20. Rc1 Nh5 21. Bd2
Bxe5 22. dxe5 Qxe5 23. Bc3 Qg5 24. Re3 Nf4 25. Rg3 Ne2+ 26. Qxe2 Qxc1+ 27. Kh2
g6 28. Qh5 Qxc2 29. Qh6 f6 30. Rxg6+ hxg6 31. Qxg6+ Kh8 32. Qh6+ Kg8 33. Qg6+
Kh8 34. Qh6+ Kg8 35. Qg6+ Kh8 1/2-1/2

[Event "ICS rated blitz match"]
[Site "204.178.125.65"]
[Date "2000.04.23"]
[Round "?"]
[White "Hossa"]
[Black "rmdg567"]
[Result "1-0"]
[WhiteElo "2358"]
[BlackElo "2032"]
[PlyCount "94"]
[EventDate "2000.??.??"]

1. e4 c5 2. Nf3 d6 3. d4 cxd4 4. Nxd4 Nf6 5. Nc3 g6 6. Be3 Bg7 7. f3 O-O 8. Qd2
Nc6 9. Bc4 Bd7 10. O-O-O Qc7 11. Ncb5 Qb8 12. Bd3 a6 13. Nc3 b5 14. Nxc6 Bxc6
15. Kb1 a5 16. Bh6 a4 17. Bxg7 Kxg7 18. Ne2 b4 19. Nd4 Bd7 20. g4 e5 21. g5 Nh5
22. Ne2 Be6 23. Ng3 Nf4 24. Ne2 Nxd3 25. Qxd3 Rd8 26. c3 Qb6 27. cxb4 Qxb4 28.
Qc3 Qb6 29. Rc1 Rab8 30. Ng3 Rdc8 31. Qa3 Rc5 32. Rxc5 dxc5 33. Qc3 Qd6 34. f4
Qd4 35. Qxd4 exd4 36. f5 gxf5 37. exf5 Bd5 38. Rc1 c4 39. Nh5+ Kf8 40. Nf6 Bc6
41. Rxc4 Bb5 42. Rxd4 a3 43. Nxh7+ Kg7 44. Nf6 Be2 45. b4 Rc8 46. Ne4 Bg4 47.
Ng3 Rc5 {rmdg567 resigns} 1-0

[Event "ICS Rated standard match"]
[Site "204.178.125.65"]
[Date "2000.04.23"]
[Round "?"]
[White "Hossa"]
[Black "WhiteCastles"]
[Result "0-1"]
[WhiteElo "2376"]
[BlackElo "2603"]
[PlyCount "122"]
[EventDate "2000.??.??"]

1. e4 c5 2. Nf3 Nc6 3. d4 cxd4 4. Nxd4 e5 5. Nb5 a6 6. Nd6+ Bxd6 7. Qxd6 Qf6 8.
Qd1 Qg6 9. Nc3 Nge7 10. h4 h5 11. Bg5 d5 12. exd5 Nd4 13. Bd3 Bf5 14. Bxf5
Nexf5 15. Qd3 Rc8 16. O-O-O O-O 17. Rhg1 b5 18. Be3 b4 19. Bxd4 Nxd4 20. Qxg6
fxg6 21. Ne4 Ne2+ 22. Kb1 Nxg1 23. Rxg1 Rf4 24. f3 Rxh4 25. c3 bxc3 26. bxc3 g5
27. Kc2 g4 28. Kd3 gxf3 29. gxf3 Rf8 30. Ke3 Rh2 31. Rg5 h4 32. a4 Rh3 33. Nd2
Rh1 34. Rh5 h3 35. c4 h2 36. Kf2 g6 37. Rh6 Kg7 38. Rh4 Rh8 39. Rxh8 Kxh8 40.
Kg2 Rd1 41. Nf1 Rxf1 42. Kxh2 Rxf3 43. c5 Rd3 44. d6 Kg7 45. Kg2 Kf6 46. Kg1
Ke6 47. Kf1 Rc3 48. d7 Kxd7 49. Ke2 Rxc5 50. Kd3 Kd6 51. Ke2 Ra5 52. Kd1 Rxa4
53. Ke2 g5 54. Kf2 Rf4+ 55. Ke2 g4 56. Ke3 g3 57. Kd3 g2 58. Ke2 g1=Q 59. Kd2
Rf3 60. Ke2 Qg2+ 61. Ke1 Rf1# {Hossa checkmated} 0-1